000303457 001__ 303457
000303457 005__ 20240928181240.0
000303457 0247_ $$aG:(GEPRIS)420036873$$d420036873
000303457 035__ $$aG:(GEPRIS)420036873
000303457 040__ $$aGEPRIS$$chttp://gepris.its.kfa-juelich.de
000303457 150__ $$aDer politische Mörike und seine radikalen Freunde$$y2019 - 2020
000303457 371__ $$aProfessor Dr. Ulrich Gaier
000303457 450__ $$aDFG project G:(GEPRIS)420036873$$wd$$y2019 - 2020
000303457 5101_ $$0I:(DE-588b)2007744-0$$aDeutsche Forschungsgemeinschaft$$bDFG
000303457 680__ $$aEduard Mörike (1804 - 1875) wird in der Öffentlichkeit und bis in die jüngste Forschung als der idyllische Landpfarrer von Cleversulzbach im schwäbischen Unterland betrachtet. Dieses Buch weist erstmals nach, dass sämtliche Erzählungen, Dramen, viele Gedichte und Briefe hochpolitisch sind. Ziel der politischen Satire sind die württembergischen Könige Fiedrich I. (reg. 1806 - 1816) und Wilhelm I. (reg. 1816 - 1864). Der erstere hatte die württembergische Verfassung aufgehoben, die seit 1514 eine konstitutionelle Monarchie und wesentliche Rechte für die Württemberger garantierte; der zweite war wegen LaFlèche, einer seiner vier gleichzeitig gepflegten Mätressen, für den Tod der Königin Katharina Pawlowna verantwortlich, die in den Hungerjahren 1816/17 unendlich viel Gutes für das Land getan hatte. Mörike musste verdeckt schreiben, weil Wilhelm I. keine Kritik an seiner Person und Regierung duldete und wegen politischer Umtriebe von Mörikes Bruder Karl die ganze Familie Mörike seinem Geheimdienst zu besonderer Beobachtung empfohlen hatte. Während der zum Glück nichts merkte, hatten auf jeden Fall Mörikes radikale Freunde ihre Freude daran - 9 längere und 18 kürzere Biographien bedeutender radikaler Württemberger schließen den Band ab. (ausführlicher in der englischen Version)
000303457 909CO $$ooai:juser.fz-juelich.de:970200$$pauthority$$pauthority:GRANT
000303457 909CO $$ooai:juser.fz-juelich.de:970200
000303457 980__ $$aG
000303457 980__ $$aAUTHORITY